Toutes les communes de France envahies par Space Invader sur une carte - Statistiques

Statistiques générales
  • Ce quiz a été pris 45 fois
  • Le résultat moyen est 49 sur 146
Réponses sur la Carte
Les réponses sont colorées sur une échelle allant du rouge au vert en fonction du pourcentage des utilisateurs qui les ont devinées à leur premier essai. Vous pouvez retrouver ces pourcentages ci-dessous.
 
Statistiques - réponses
Hint Ville % Correct
Lille Lille
95%
Marseille Marseille
93%
Nantes Nantes
93%
Toulouse Toulouse
93%
Lyon Lyon
88%
Montpellier Montpellier
88%
Paris Paris
88%
BAB Bayonne
85%
Rennes Rennes
85%
Bastia Bastia
83%
Côte d'Azur Nice
83%
BAB Biarritz
80%
Clermont-Ferrand Clermont-Ferrand
80%
Grenoble Grenoble
78%
Perpignan Perpignan
78%
Côte d'Azur Cannes
76%
Dijon Dijon
76%
Côte d'Azur Antibes
71%
Aix-en-Provence Aix-en-Provence
68%
Avignon Avignon
68%
Fontainebleau Fontaine-le-port
68%
Pau Pau
68%
Saint-Denis
68%
Versailles Versailles
68%
Montauban Montauban
66%
Fontainebleau Fontainebleau
63%
Nîmes Nîmes
63%
BAB Anglet
61%
Côte d'Azur Saint-Jean-Cap-Ferrat
61%
Côte d'Azur Menton
59%
Côte d'Azur Saint-Raphaël
59%
Côte d'Azur Hyères
56%
Côte d'Azur Saint-Tropez
54%
Paris Créteil
51%
Côte d'Azur Fréjus
51%
La Ciotat La Ciotat
51%
Paris Issy-les-Moulineaux
49%
Paris Boulogne-Billancourt
46%
Paris Levallois-Perret
46%
Paris Ivry-sur-Seine
44%
Paris Montreuil
44%
Paris Neuilly- sur-Seine
44%
La Réunion Saint-Paul
44%
Côte d'Azur Saint-Paul-de-Vence
44%
Paris Vitry-sur-Seine
44%
Paris Vincennes
41%
Luberon Apt
39%
Paris Les Lilas
39%
Clermont-Ferrand Riom
39%
Paris Saint-Ouen
39%
Sète
39%
Paris Pantin
37%
Paris Villeneuve-le-Comte
34%
Paris Bagnolet
32%
Paris Meudon
32%
Côte d'Azur Saint-Cyr-sur-Mer
32%
Sainte-Marie
32%
Côte d'Azur Bandol
29%
Cap Ferret Lège-Cap Ferret
29%
Paris Le Kremlin-Bicêtre
29%
Paris Nogent-sur-Marne
29%
Luberon Saint-Martin-de-Castillon
29%
Paris Champigny- sur-Marne
27%
Paris Courbevoie
27%
Paris Gennevilliers
27%
Paris L'Haÿ-les-Roses
27%
Paris Maisons-Alfort
27%
Paris Malakoff
27%
Paris Puteaux
27%
Paris Roissy-en-France
27%
Côte d'Azur Sainte-Maxime
27%
Saint-Leu
27%
Paris Sèvres
27%
Paris Aulnay-sous-Bois
24%
Paris Gentilly
24%
Paris Le Pré-Saint- Gervais
24%
Paris Charenton-le-Pont
22%
Paris Fontenay-sous-Bois
22%
Forcalquier Forcalquier
22%
Côte d'Azur Le Lavandou
22%
Clermont-Ferrand Chamalières
20%
Paris La Courneuve
20%
Côte d'Azur Ramatuelle
20%
Paris Romainville
20%
Côte d'Azur Roquebrune-sur-Argens
20%
Paris Rosny-sous-Bois
20%
Paris Rungis
20%
Paris Tremblay-en-France
20%
Fontainebleau Avon
17%
BAB Bidart
17%
Côte d'Azur Bormes-les-mimosas
17%
Paris Brie-Comte-Robert
17%
Côte d'Azur La Croix-Valmer
17%
Paris Thiais
17%
Fontainebleau Villiers-sous-Grez
17%
Paris Villiers-sur- Marne
17%
Côte d'Azur Cavalaire-sur-Mer
15%
Paris Chevilly-Larue
15%
La Possession
15%
Grenoble La Tronche
15%
Valmorel Les Avanchers-Valmorel
15%
Fontainebleau Milly-la-Forêt
15%
Fontainebleau Montigny-sur-Loing
15%
Valmorel
15%
Clermont-Ferrand Volvic
15%
Fontainebleau Bois-le-Roi
12%
Paris Bry-sur-Marne
12%
Luberon Gordes
12%
BAB Guéthary
12%
Paris Joinville-le-Pont
12%
Fontainebleau Moret-Loing-et-Orvanne
12%
Côte d'Azur Villefranche-sur-Mer
12%
Fontainebleau Arbonne-la-Forêt
10%
Fontainebleau Barbizon
10%
Fontainebleau Chartrettes
10%
Clermont-Ferrand Châtel-Guyon
10%
Fontainebleau Grez-sur-Loing
10%
Fontainebleau Héricy
10%
Versailles Le Chesnay-Rocquencourt
10%
Côte d'Azur Mougins
10%
Fontainebleau Samois-sur-Seine
10%
Fontainebleau Thoméry
10%
Fontainebleau Achères-la-Forêt
7%
Fontainebleau Bourron-Marlotte
7%
Fontainebleau Chailly-en-Bière
7%
BAB Ciboure
7%
Fontainebleau La Chapelle-la-Reine
7%
Fontainebleau La Genevraye
7%
Fontainebleau Larchant
7%
Luberon Lourmarin
7%
Contis-Les-Bains Saint-Julien-en-Born
7%
Fontainebleau Samoreau
7%
Fontainebleau Ury
7%
Luberon Bonnieux
5%
Côte d'Azur Gassin
5%
Luberon Maubec
5%
Lille Quiéry-la-Motte
5%
Grenoble Eybens
2%
Les Trois-Bassins
2%
Toulouse Mauvezin
2%
Côte d'Azur Mouans-Sartoux
2%
Toulouse Puylaroque
2%
Luberon Reillanne
2%
Versailles Vaucresson
2%
Toulouse Saint-Créac
0%
Aucun quiz correspondant
Distribution des résultats
% des personnes avec chaque résultat
Percentile par nombre de réponses
Votre historique - résultats
Vous n’avez pas pris ce quiz